Mecánica de los fluidos
Saved in:
| Main Authors: | , |
|---|---|
| Format: | Bog |
| Sprog: | spansk |
| Udgivet: |
Ciudad de México
McGraw-Hill
1988
|
| Udgivelse: | 3a. ed |
| Fag: | |
| Tags: |
Tilføj Tag
Ingen Tags, Vær først til at tagge denne postø!
|
MARC
| LEADER | 00000nam a2200000 a 4500 | ||
|---|---|---|---|
| 001 | UCW2040 | ||
| 003 | CL-VaPUC | ||
| 008 | 900829e19880000MX |||||||||||||||||spa|d | ||
| 082 | 0 | 4 | |a 532 |b STR |2 21 |
| 100 | 0 | |a Streeter, Victor Lyle |e author |9 306009 | |
| 700 | 0 | |a Wylie, E. Benjamin |e author |9 306010 | |
| 245 | 1 | 0 | |a Mecánica de los fluidos |
| 250 | |a 3a. ed | ||
| 300 | |a 594 p | ||
| 942 | |c BK | ||
| 945 | |d 19900829 00:00:00 |a mfernand | ||
| 260 | |a Ciudad de México |b McGraw-Hill |c 1988 | ||
| 650 | 0 | |a Mecánica de fluidos |9 259464 | |
| 583 | |a last modification |c 20180320 12:23:19 |k Rodrigo Vera | ||
| 999 | |c 216700 |d 216698 | ||
| 952 | |0 0 |1 0 |4 0 |6 532_000000000000000_STR_1988 |7 0 |8 A |9 202695 |a BIBING |b BIBING |d 2019-11-14 |i 3009653 |o 532 STR 1988 |p 3009653 |r 2025-01-20 |w 2019-11-14 |y BK |k TRA | ||
| 952 | |0 0 |1 0 |4 0 |6 532_000000000000000_STR_1988 |7 0 |8 A |9 202696 |a BIBING |b BIBING |d 2019-11-14 |i 3562360 |o 532 STR 1988 |p 3562360 |r 2025-01-20 |w 2019-11-14 |y BK |k ING | ||
| 952 | |0 0 |1 0 |4 0 |6 532_000000000000000_STR_1988 |7 0 |8 A |9 202697 |a BIBING |b BIBING |d 2019-11-14 |i 3351823 |o 532 STR 1988 |p 3351823 |r 2025-01-20 |w 2019-11-14 |y BK |k CCL | ||
| 952 | |0 0 |1 0 |4 0 |6 532_000000000000000_STR_1988 |7 0 |8 A |9 202698 |a BIBING |b BIBING |d 2019-11-14 |i 3351831 |o 532 STR 1988 |p 3351831 |r 2023-03-02 |w 2019-11-14 |y BK |k CCL | ||
| 952 | |0 0 |1 0 |4 0 |6 532_000000000000000_STR_1988 |7 0 |8 A |9 202702 |a BIBING |b BIBING |d 2019-11-14 |i 3385515 |o 532 STR 1988 |p 3385515 |r 2025-01-20 |w 2019-11-14 |y BK |k CCL | ||
| 952 | |0 0 |1 0 |4 0 |6 532_000000000000000_STR_1988 |7 0 |8 A |9 202704 |a BIBMEC |b BIBMEC |d 2019-11-14 |i 2700360 |l 1 |o 532 STR 1988 |p 2700360 |r 2024-01-19 |s 2022-11-23 |w 2019-11-14 |y BK |k MEC | ||
| 952 | |0 0 |1 0 |4 0 |6 532_000000000000000_STR_1988 |7 0 |8 A |9 202707 |a BIBMEC |b BIBMEC |d 2019-11-14 |i 3550893 |o 532 STR 1988 |p 3550893 |r 2024-01-19 |w 2019-11-14 |y BK |k MEC | ||
| 952 | |0 0 |1 0 |4 0 |6 532_000000000000000_STR_1988 |7 0 |8 A |9 202708 |a BIBMEC |b BIBMEC |d 2019-11-14 |i 3550907 |o 532 STR 1988 |p 3550907 |r 2024-01-19 |w 2019-11-14 |y BK |k MEC | ||
| 952 | |0 0 |1 0 |4 0 |6 532_000000000000000_STR_1988 |7 0 |8 A |9 202710 |a BIBMEC |b BIBMEC |d 2019-11-14 |i 3650340 |o 532 STR 1988 |p 3650340 |r 2024-01-19 |w 2019-11-14 |y BK |k MEC | ||
| 952 | |0 0 |1 0 |4 0 |6 532_000000000000000_STR_1988 |7 0 |8 A |9 202712 |a BIBMEC |b BIBMEC |d 2019-11-14 |i 3650367 |o 532 STR 1988 |p 3650367 |r 2024-01-19 |w 2019-11-14 |y BK |k MEC | ||